Zralá, co hodně žrala /
Humorná kniha fejetonů a reportáží od české autorky. Se sebeironií a nadsázkou líčí život ženy, která se s úsměvem probíjí úskalími všedních dní, ať už jde o neposlušné potomky, svérázné partnery nebo každodenní rodičovské výzvy.
Uloženo v:
| Hlavní autor: | |
|---|---|
| Další autoři: | |
| Médium: | Kniha |
| Jazyk: | Czech |
| Vydáno: |
Praha :
Ikar,
2026
|
| Vydání: | Vydání první |
| Témata: | |
| Celkem bylo vypůjčeno: | 1x |
| Tagy: |
Žádné tagy |
| LEADER | 01645nam a2200385 i 4500 | ||
|---|---|---|---|
| 001 | 106718 | ||
| 003 | CZ PrNK | ||
| 005 | 20260701150234.0 | ||
| 007 | ta | ||
| 008 | 260623s2026 xr a g 000 j cze | ||
| 015 | |a cnb003750264 | ||
| 020 | |a 9788024959405 |q (vázáno) | ||
| 040 | |a ABG001 |b cze |e rda | ||
| 072 | 7 | |a 821.162.3-3 |x Česká próza |2 Konspekt |9 25 | |
| 080 | |a 821.162.3-32 |2 MRF | ||
| 080 | |a (0:82-321.5) |2 MRF | ||
| 100 | 1 | |a Hubeňáková, Zuzana, |d 1980- |7 xx0199991 |4 aut |9 29938 | |
| 245 | 1 | 0 | |a Zralá, co hodně žrala / |c Zuzana Hubeňáková ; ilustrace Michal Neradil |
| 250 | |a Vydání první | ||
| 264 | 1 | |a Praha : |b Ikar, |c 2026 | |
| 300 | |a 259 stran : |b ilustrace ; |c 19 cm | ||
| 336 | |a text |b txt |2 rdacontent | ||
| 337 | |a bez média |b n |2 rdamedia | ||
| 338 | |a svazek |b nc |2 rdacarrier | ||
| 520 | 2 | |a Humorná kniha fejetonů a reportáží od české autorky. Se sebeironií a nadsázkou líčí život ženy, která se s úsměvem probíjí úskalími všedních dní, ať už jde o neposlušné potomky, svérázné partnery nebo každodenní rodičovské výzvy. | |
| 655 | 7 | |a české povídky |7 fd133971 |2 czenas |9 54028 | |
| 655 | 7 | |a humoristické povídky |7 fd132428 |2 czenas |9 53631 | |
| 655 | 9 | |a Czech short stories |2 eczenas | |
| 655 | 9 | |a humorous short stories |2 eczenas | |
| 700 | 1 | |a Neradil, Michal |7 mzk2014815682 |4 ill |9 30572 | |
| 710 | 2 | |a Ikar (nakladatelství) |7 xx0237091 |4 pbl |9 117123 | |
| 910 | |a UOG502 | ||
| 942 | |2 ddc |c KN | ||
| 999 | |d 106718 | ||
| 993 | |0 0 |1 421180107446 |2 ddc |4 0 |7 0 |9 100224 |b 0 |c 107446 |d 2026-07-01 |e 1 |f DOSP |h 399.00 |i Koupě |l DOSP |q 2026-08-13 |r 2026-07-02 |s 2026-07-02 |t 6 |w 2026-07-01 |y KN |z BELET |n | ||